000
00284nam a22001337a 4500
008
180822b xxu||||| |||| 00| 0 eng d
020
_a
0700014535
041
_a
eng
080
_a
616
100
_a
9
101
_a
PAT
245
_a
GENERAL PATHOLOGY
_c
WALTER.J.B
942
_2
udc
_c
BK
999
_c
47249
_d
47249